| 000 | 02852cam a2200433 a 4500 | ||
|---|---|---|---|
| 999 |
_c478683 _d478683 |
||
| 001 | 16541502 | ||
| 003 | NUST | ||
| 005 | 20180705082553.0 | ||
| 008 | 101117s2011 nyu b 001 0 eng | ||
| 010 | _a 2010047599 | ||
| 020 | _a9780374173258 | ||
| 020 | _a0374173257 | ||
| 035 | _a(OCoLC)ocn682920863 | ||
| 038 | _aArshad | ||
| 040 |
_aDLC _cDLC _dYDX _dYDXCP _dOKN _dBWX _dCDX _dDLC |
||
| 042 | _apcc | ||
| 043 | _an-us--- | ||
| 050 | 0 | 0 |
_aHC106.5 _b.M634 2011 |
| 082 | 0 | 0 |
_a330.973 _bMOY |
| 084 |
_aBUS069020 _2bisacsh |
||
| 100 | 1 |
_aMoyo, Dambisa. _911449 |
|
| 245 | 1 | 0 |
_aHow the West was lost : _bfifty years of economic folly--and the stark choices ahead / _cDambisa Moyo. |
| 250 | _a1st American ed. | ||
| 260 |
_aNew York : _bFarrar, Straus and Giroux, _c2011. |
||
| 300 |
_axiii, 226 p. ; _c22 cm. |
||
| 504 | _aIncludes bibliographical references and index. | ||
| 520 |
_a"In How the West Was Lost, the New York Times bestselling author Dambisa Moyo offers a bold account of the decline of the economic supremacy of the West. She examines how the West's flawed financial decisions and blinkered political and military choices have resulted in an economic and geopolitical seesaw that is now poised to tip in favor of the emerging world. As Western economies hover on the brink of recession, emerging economies post double-digit growth rates. And whereas in the past, emerging economies lived and died by America's economic performance, now they look to other emerging countries to buy their goods and fuel their success. Formerly a consultant for the World Bank and an investment banker specializing in emerging markets at Goldman Sachs, Moyo daringly claims that the West can no longer afford to simply regard the up-and-comers as menacing gate-crashers. How the West Was Lost reveals not only the economic myopia of the West but also the radical solutions that it needs to adopt in order to assert itself as a global economic power once again"-- _cProvided by publisher. |
||
| 520 |
_a"One of TIME magazine's 100 most influential people of 2009 asks: Can the decline of the West be reversed?"-- _cProvided by publisher. |
||
| 650 | 0 |
_aEconomic forecasting _zUnited States. _911450 |
|
| 650 | 0 |
_aEconomic forecasting _zEurope. _911451 |
|
| 651 | 0 |
_aUnited States _xEconomic conditions _y1945- _911452 |
|
| 651 | 0 |
_aEurope _xEconomic conditions _y1945- _911453 |
|
| 856 | 4 | 2 |
_3Contributor biographical information _uhttp://www.loc.gov/catdir/enhancements/fy1110/2010047599-b.html |
| 856 | 4 | 2 |
_3Publisher description _uhttp://www.loc.gov/catdir/enhancements/fy1110/2010047599-d.html |
| 856 | 4 | 1 |
_3Sample text _uhttp://www.loc.gov/catdir/enhancements/fy1110/2010047599-s.html |
| 906 |
_a7 _bcbc _corignew _d1 _eecip _f20 _gy-gencatlg |
||
| 942 |
_2ddc _cBK |
||